[Event "Canadian op"]
[Site "Calgary"]
[Date "2023.07.25"]
[Round "5"]
[White "Skop, Mike"]
[Black "Hawkshaw, Kevin"]
[Result "1-0"]
[WhiteElo "1755"]
[BlackElo "1698"]
[PlyCount "91"]
[EventDate "2023.07.22"]
[EventType "swiss"]
[EventRounds "10"]
[EventCountry "CAN"]
[SourceTitle "EXT 2024"]
[Source "ChessBase"]
[SourceDate "2023.10.10"]
[SourceVersion "1"]
[SourceVersionDate "2023.10.10"]
[SourceQuality "1"]

1. c3 e5 2. Na3 d5 3. Nc2 c5 4. g3 Nc6 5. Nh3 Bd6 6. Bg2 Nf6 7. d3 0-0 8. 0-0 h6 9. f3 Re8 10. Nf2 Qe7 11. e4 Be6 12. Qe2 Rad8 13. f4 dxe4 14. dxe4 exf4 15. gxf4 Bc7 16. Qf3 Qd7 17. Ne3 Qc8 18. b3 b6 19. f5 Ne5 20. Qh3 Bd7 21. Nfg4 Nh7 22. Nd5 Nxg4 23. Qxg4 Kh8 24. Qh4 Be5 25. f6 Qc6 26. Bxh6 gxf6 27. Bf4 Bxf4 28. Rxf4 f5 29. Raf1 Qg6 30. R1f3 Qe6 31. Rh3 Qg6 32. Nf6 Kg7 33. Nxe8+ Rxe8 34. Rg3 Nf6 35. Rxg6+ fxg6 36. exf5 Bxf5 37. Rxf5 gxf5 38. Qg5+ Kf7 39. Qxf5 Kg7 40. Bf1 Re7 41. Bd3 Rf7 42. Bc4 Rf8 43. Qg5+ Kh7 44. Bd3+ Kh8 45. Qh6+ Kg8 46. Bc4+ 1-0

[Event "Canadian op"]
[Site "Calgary"]
[Date "2023.07.24"]
[Round "4"]
[White "Zhang, James Hanzhong"]
[Black "Skop, Mike"]
[Result "1/2-1/2"]
[WhiteElo "1599"]
[BlackElo "1755"]
[PlyCount "99"]
[EventDate "2023.07.22"]
[EventType "swiss"]
[EventRounds "10"]
[EventCountry "CAN"]
[SourceTitle "EXT 2024"]
[Source "ChessBase"]
[SourceDate "2023.10.10"]
[SourceVersion "1"]
[SourceVersionDate "2023.10.10"]
[SourceQuality "1"]

1. e4 c6 2. d4 Na6 3. Bxa6 Qa5+ 4. Nc3 Qxa6 5. Bf4 d6 6. Qd2 g6 7. Nf3 Bg7 8. e5 d5 9. h3 h5 10. Ne2 Bd7 11. Nc1 Nh6 12. Nd3 b6 13. c3 Nf5 14. Ng5 e6 15. Nf3 0-0-0 16. Bg5 Rde8 17. Nh4 Nxh4 18. Bxh4 Bh6 19. f4 Kb8 20. Bg5 Bf8 21. b4 Rc8 22. 0-0 c5 23. bxc5 Bb5 24. Nb4 Qa4 25. Rfb1 bxc5 26. Nc2 Ka8 27. Bh4 cxd4 28. Nxd4 Bc5 29. Bf2 Bc4 30. Nb3 Ba3 31. Bd4 Rc6 32. Nc1 Rhc8 33. Nd3 Bxd3 34. Qxd3 Qc4 35. Qxc4 Rxc4 36. Rb5 Bc5 37. Rab1 Bxd4+ 38. cxd4 Rxd4 39. g3 h4 40. Rb7 hxg3 41. Rxf7 Rd2 42. a4 Ra2 43. Rf6 Rxa4 44. Rxe6 Rxf4 45. Rxg6 Re4 46. Rxg3 Rxe5 47. Rg7 Re2 48. Rd7 Rg8+ 49. Kf1 Rh2 50. Rbb7 1/2-1/2

[Event "Canadian op"]
[Site "Calgary"]
[Date "2023.07.22"]
[Round "1"]
[White "Liu, Zachary Hankun"]
[Black "Skop, Mike"]
[Result "1-0"]
[WhiteElo "1776"]
[BlackElo "1755"]
[PlyCount "99"]
[EventDate "2023.07.22"]
[EventType "swiss"]
[EventRounds "10"]
[EventCountry "CAN"]
[SourceTitle "EXT 2024"]
[Source "ChessBase"]
[SourceDate "2023.10.10"]
[SourceVersion "1"]
[SourceVersionDate "2023.10.10"]
[SourceQuality "1"]

1. e4 c6 2. d4 Na6 3. Nf3 Nc7 4. Bd3 g6 5. 0-0 Nh6 6. c3 Bg7 7. h3 d6 8. Be3 f6 9. Nbd2 Nf7 10. Re1 0-0 11. a4 e5 12. dxe5 dxe5 13. Bc4 Be6 14. Qb3 Qc8 15. a5 f5 16. exf5 gxf5 17. Bc5 Re8 18. Nf1 Bxc4 19. Qxc4 Qe6 20. Qxe6 Nxe6 21. Ba3 Bf6 22. Ne3 e4 23. Nd2 Ng7 24. Nec4 Rad8 25. Nb3 Rd7 26. Nc5 Rde7 27. Rad1 Nh5 28. g3 Ng5 29. Kg2 Nf3 30. Rf1 Rg7 31. Kh1 Nxg3+ 32. fxg3 Rxg3 33. Rf2 Rxh3+ 34. Kg2 Rh2+ 35. Kf1 Rxf2+ 36. Kxf2 Bh4+ 37. Ke2 Kh8 38. Nd6 Rg8 39. Nxf5 Rg2+ 40. Ke3 Bf2+ 41. Kxe4 Ng5+ 42. Kf4 h5 43. Nd3 Nh3+ 44. Kf3 Rh2 45. Bd6 Ng5+ 46. Kf4 Nh3+ 47. Ke5 Bg1 48. Kf6 Rg2 49. Nf4 Nxf4 50. Bxf4 1-0

[Event "Winnipeg TNT February op"]
[Site "Winnipeg"]
[Date "2019.02.05"]
[Round "1.9"]
[White "Myrzaibraimova, Alia"]
[Black "Skop, Mike"]
[Result "1/2-1/2"]
[WhiteElo "1171"]
[BlackElo "1666"]
[PlyCount "43"]
[EventDate "2019.02.05"]
[EventType "swiss"]
[EventRounds "4"]
[EventCountry "CAN"]
[SourceTitle "EXT 2022"]
[Source "ChessBase"]
[SourceDate "2021.10.06"]
[SourceVersion "1"]
[SourceVersionDate "2021.10.06"]
[SourceQuality "1"]

1. e4 Nh6 2. Nf3 f6 3. Nc3 Nf7 4. Bc4 e6 5. d4 Be7 6. Bf4 c6 7. 0-0 d5 8. exd5 exd5 9. Bxb8 Rxb8 10. Bd3 Bg4 11. h3 Bh5 12. Re1 Ng5 13. Be2 Bf7 14. Nxg5 fxg5 15. Bh5 0-0 16. Bxf7+ Rxf7 17. Re3 Qf8 18. Qd2 Rd8 19. Rae1 c5 20. dxc5 Bxc5 21. R3e2 Kh8 22. Rf1 1/2-1/2

[Event "Winnipeg TNT May op"]
[Site "Winnipeg"]
[Date "2018.05.08"]
[Round "2"]
[White "Myrzaibraimova, Aibike"]
[Black "Skop, Mike"]
[Result "0-1"]
[WhiteElo "1470"]
[BlackElo "1670"]
[PlyCount "64"]
[EventDate "2018.05.01"]
[EventType "swiss"]
[EventRounds "5"]
[EventCountry "CAN"]
[SourceTitle "EXT 2022"]
[Source "ChessBase"]
[SourceDate "2021.10.06"]
[SourceVersion "1"]
[SourceVersionDate "2021.10.06"]
[SourceQuality "1"]

1. e4 c6 2. d4 Na6 3. Nf3 Nc7 4. Bf4 g6 5. Nbd2 f6 6. Bd3 Nh6 7. h3 Nf7 8. 0-0 Bg7 9. Re1 e5 10. Be3 d6 11. c3 0-0 12. Qb3 Be6 13. c4 b5 14. d5 bxc4 15. Bxc4 cxd5 16. exd5 Bd7 17. Rab1 f5 18. Nf1 f4 19. Bd2 Rb8 20. Qc3 Ng5 21. Nxg5 Qxg5 22. Nh2 e4 23. Qa3 e3 24. fxe3 Bxh3 25. Re2 f3 26. Nxf3 Rxf3 27. Bd3 Re8 28. Qxd6 Rg3 29. Qxg3 Qxg3 30. Rf1 Be5 31. Rff2 Qh2+ 32. Kf1 Qh1# 0-1

[Event "Winnipeg op"]
[Site "Winnipeg"]
[Date "2016.06.14"]
[Round "2"]
[White "Skop, Mike"]
[Black "Magyar, Peter"]
[Result "0-1"]
[WhiteElo "1697"]
[BlackElo "1469"]
[PlyCount "90"]
[EventDate "2016.06.07"]
[EventType "swiss"]
[EventRounds "8"]
[EventCountry "CAN"]
[SourceTitle "EXT 2022"]
[Source "ChessBase"]
[SourceDate "2021.10.06"]
[SourceVersion "1"]
[SourceVersionDate "2021.10.06"]
[SourceQuality "1"]

1. e4 e6 2. Bc4 d5 3. Bb3 dxe4 4. f3 Bc5 5. Qe2 Bxg1 6. Rxg1 exf3 7. Qxf3 Nf6 8. Nc3 0-0 9. d3 Nbd7 10. Bg5 Ne5 11. Qf4 Qd6 12. Qh4 Ng6 13. Qg3 Qxg3+ 14. hxg3 Nh5 15. Ne2 e5 16. 0-0-0 b6 17. Bd5 Rb8 18. Rgf1 h6 19. Bd2 Nf6 20. Rxf6 gxf6 21. Bxh6 Rd8 22. Nc3 Ne7 23. Bf3 Nf5 24. Bd2 Nxg3 25. Be1 Nf5 26. Ne4 Kg7 27. Bd2 Nh4 28. Be2 Rh8 29. g4 f5 30. gxf5 Bxf5 31. Ng3 Bg6 32. Rg1 Kf8 33. Bg5 Nf5 34. Ne4 Nd4 35. Bd1 Rh2 36. Nf6 Bf5 37. c3 Nc6 38. Nd5 Bxd3 39. Ba4 b5 40. Bb3 Bc4 41. Bxc4 bxc4 42. Bf6 Rbxb2 43. Bg7+ Ke8 44. Nf6+ Kd8 45. Rd1+ Nd4 0-1

[Event "Winnipeg Boardman Memorial"]
[Site "Winnipeg"]
[Date "2016.04.19"]
[Round "3"]
[White "Skop, Mike"]
[Black "Letain, Cory"]
[Result "0-1"]
[WhiteElo "1676"]
[BlackElo "1647"]
[PlyCount "98"]
[EventDate "2016.04.05"]
[EventType "swiss"]
[EventRounds "4"]
[EventCountry "CAN"]
[SourceTitle "EXT 2022"]
[Source "ChessBase"]
[SourceDate "2021.10.06"]
[SourceVersion "1"]
[SourceVersionDate "2021.10.06"]
[SourceQuality "1"]

1. e4 e5 2. f4 d5 3. exd5 e4 4. Nc3 Nf6 5. d3 Bb4 6. a3 Bxc3+ 7. bxc3 Qxd5 8. Be3 0-0 9. Ne2 Bf5 10. d4 Ng4 11. Qd2 Nxe3 12. Qxe3 Nd7 13. c4 Qxc4 14. Nc3 Qc6 15. Bb5 Qb6 16. Rb1 Qa5 17. 0-0 Qxa3 18. Rb3 Qd6 19. Bxd7 Bxd7 20. Rxb7 Bc6 21. Rbb1 Rfe8 22. f5 a5 23. Rf4 a4 24. Nxe4 a3 25. Nxd6 Rxe3 26. Nc4 a2 27. Ra1 Rc3 28. Ne5 Rxc2 29. Nxc6 Rxc6 30. Rf2 Rca6 31. Rb2 h6 32. Kf2 Ra3 33. Ke2 Re8+ 34. Kd2 Re4 35. Raxa2 Rxd4+ 36. Ke2 Rxa2 37. Rxa2 f6 38. Rc2 Rf4 39. Rxc7 Rxf5 40. Rc3 h5 41. Rf3 Rxf3 42. Kxf3 Kf7 43. Kf4 Ke6 44. h4 g6 45. g3 Kd5 46. g4 hxg4 47. Kxg4 Ke4 48. h5 gxh5+ 49. Kxh5 Kf4 0-1

[Event "Winnipeg Boardman Memorial"]
[Site "Winnipeg"]
[Date "2016.04.12"]
[Round "2"]
[White "Bonness, Will"]
[Black "Skop, Mike"]
[Result "1/2-1/2"]
[WhiteElo "1770"]
[BlackElo "1676"]
[PlyCount "47"]
[EventDate "2016.04.05"]
[EventType "swiss"]
[EventRounds "4"]
[EventCountry "CAN"]
[SourceTitle "EXT 2022"]
[Source "ChessBase"]
[SourceDate "2021.10.06"]
[SourceVersion "1"]
[SourceVersionDate "2021.10.06"]
[SourceQuality "1"]

1. e4 d5 2. exd5 Qxd5 3. Nc3 Qd6 4. Nf3 Bg4 5. d4 c6 6. Be2 Bxf3 7. Bxf3 Nf6 8. Be3 e6 9. a3 Qc7 10. Ne4 Nxe4 11. Bxe4 Nd7 12. Qe2 Be7 13. 0-0 f5 14. Bd3 0-0 15. f4 Nf6 16. Bd2 Qd7 17. c3 Rae8 18. b4 Nd5 19. Rae1 Bd8 20. Qf3 Nc7 21. Re2 Qd5 22. Qh5 Rf6 23. Qf3 Qb3 24. Ree1 1/2-1/2

[Event "Winnipeg TNT February op"]
[Site "Winnipeg"]
[Date "2016.02.09"]
[Round "2.4"]
[White "Skop, Mike"]
[Black "Bince, Rolando"]
[Result "0-1"]
[WhiteElo "1567"]
[BlackElo "2024"]
[PlyCount "78"]
[EventDate "2016.02.02"]
[EventType "swiss"]
[EventRounds "4"]
[EventCountry "CAN"]
[SourceTitle "EXT 2022"]
[Source "ChessBase"]
[SourceDate "2021.10.06"]
[SourceVersion "1"]
[SourceVersionDate "2021.10.06"]
[SourceQuality "1"]

1. e4 Nf6 2. Nc3 d5 3. e5 d4 4. exf6 dxc3 5. fxg7 cxd2+ 6. Qxd2 Qxd2+ 7. Bxd2 Bxg7 8. c3 Nc6 9. Bd3 Be6 10. Nf3 0-0-0 11. Be4 Bd5 12. Bxd5 Rxd5 13. 0-0 Rhd8 14. Be3 h6 15. Rac1 a6 16. Rc2 e6 17. b4 Rd3 18. Nd4 Bxd4 19. cxd4 Nxd4 20. Rb2 h5 21. Bxd4 R8xd4 22. b5 a5 23. f3 Kd7 24. Re1 Kd6 25. Kf2 f5 26. h3 h4 27. g4 fxg4 28. hxg4 Rd2+ 29. Re2 Rxb2 30. Rxb2 Rb4 31. Rxb4 axb4 32. f4 c5 33. bxc6 bxc6 34. g5 c5 35. Kf3 c4 36. Kg4 c3 37. Kxh4 c2 38. g6 c1Q 39. Kg5 Ke7 0-1

[Event "Winnipeg April TNT"]
[Site "Winnipeg"]
[Date "2015.04.21"]
[Round "3.4"]
[White "Skop, Mike"]
[Black "Mandusic, Ante"]
[Result "1-0"]
[WhiteElo "1618"]
[BlackElo "129"]
[PlyCount "37"]
[EventDate "2015.04.07"]
[EventType "swiss"]
[EventRounds "4"]
[EventCountry "CAN"]
[SourceTitle "EXT 2019"]
[Source "ChessBase"]
[SourceDate "2018.10.10"]
[SourceVersion "1"]
[SourceVersionDate "2018.10.10"]
[SourceQuality "1"]

1. e4 e5 2. f4 Nc6 3. Nf3 Bd6 4. Bc4 Nh6 5. fxe5 Nxe5 6. Bb3 Qe7 7. 0-0 0-0 8. d4 Nxf3+ 9. Qxf3 g5 10. Qh5 Bf4 11. Bxf4 gxf4 12. Qxh6 d6 13. Rxf4 Bd7 14. Nc3 c5 15. Rh4 Qxh4 16. Qxh4 cxd4 17. Nd5 Rfe8 18. Nf6+ Kh8 19. Qxh7# 1-0

[Event "Winnipeg February TNT"]
[Site "Winnipeg"]
[Date "2015.02.10"]
[Round "2.4"]
[White "Baron, Gustav L"]
[Black "Skop, Mike"]
[Result "1-0"]
[WhiteElo "2095"]
[BlackElo "1652"]
[PlyCount "111"]
[EventDate "2015.02.03"]
[EventType "swiss"]
[EventRounds "4"]
[EventCountry "CAN"]
[SourceTitle "EXT 2019"]
[Source "ChessBase"]
[SourceDate "2018.10.10"]
[SourceVersion "1"]
[SourceVersionDate "2018.10.10"]
[SourceQuality "1"]

1. Nf3 Nc6 2. d4 e6 3. c4 b6 4. Nc3 Bb7 5. e4 Nce7 6. Be2 Ng6 7. 0-0 h6 8. Be3 Nf6 9. Qc2 Be7 10. Nd2 Nh7 11. f4 c5 12. d5 e5 13. f5 Ngf8 14. Nf3 d6 15. a3 Nd7 16. b4 Rc8 17. b5 Ndf8 18. Nd2 Ra8 19. a4 Qc7 20. Nb3 Nd7 21. a5 Rb8 22. axb6 axb6 23. Ra7 0-0 24. g4 Bg5 25. Bf2 Ndf6 26. Qd3 Ra8 27. Rfa1 Rxa7 28. Rxa7 Ra8 29. Rxa8+ Bxa8 30. Bg3 Nd7 31. h4 Bf4 32. Bxf4 exf4 33. Qf3 Qd8 34. Qxf4 Qxh4 35. Qf2 Qxf2+ 36. Kxf2 Ne5 37. Na4 Nd7 38. Nc1 Nhf6 39. Bf3 g5 40. fxg6 fxg6 41. Nd3 g5 42. Ndb2 Kf7 43. Nd1 Ng8 44. Ne3 Ne7 45. Ke2 Kf6 46. Nf5 Nxf5 47. gxf5 Bb7 48. Bh5 Bc8 49. Be8 Ne5 50. Nxb6 g4 51. Nxc8 g3 52. b6 Kg5 53. b7 g2 54. Kf2 Kf4 55. Kxg2 Kxe4 56. b8Q 1-0

[Event "Winnipeg TNT February op"]
[Site "Winnipeg"]
[Date "2013.02.26"]
[Round "4"]
[White "Skop, Mike"]
[Black "Towns, Barry"]
[Result "0-1"]
[WhiteElo "1721"]
[BlackElo "1735"]
[PlyCount "48"]
[EventDate "2013.02.05"]
[EventType "swiss"]
[EventRounds "4"]
[EventCountry "CAN"]
[SourceTitle "EXT 2022"]
[Source "ChessBase"]
[SourceDate "2021.10.06"]
[SourceVersion "1"]
[SourceVersionDate "2021.10.06"]
[SourceQuality "1"]

1. d4 d5 2. c4 Nf6 3. Nc3 Bf5 4. Bg5 e6 5. cxd5 exd5 6. Qb3 Nc6 7. Nxd5 Nxd4 8. Qa4+ c6 9. Qxd4 cxd5 10. Qe5+ Be6 11. Nf3 Bb4+ 12. Bd2 Ng4 13. Qxg7 Bxd2+ 14. Nxd2 Rf8 15. e4 Qb6 16. 0-0-0 Nxf2 17. Be2 Rc8+ 18. Kb1 Nxh1 19. Rxh1 Qe3 20. Bb5+ Ke7 21. Rf1 Qxd2 22. Qf6+ Kd6 23. e5+ Kc7 24. Qe7+ Kb8 0-1

[Event "Winnipeg TNT February op"]
[Site "Winnipeg"]
[Date "2013.02.05"]
[Round "1"]
[White "Skop, Mike"]
[Black "Kernetsky, Myron"]
[Result "0-1"]
[WhiteElo "1721"]
[BlackElo "2058"]
[PlyCount "88"]
[EventDate "2013.02.05"]
[EventType "swiss"]
[EventRounds "4"]
[EventCountry "CAN"]
[SourceTitle "EXT 2022"]
[Source "ChessBase"]
[SourceDate "2021.10.06"]
[SourceVersion "1"]
[SourceVersionDate "2021.10.06"]
[SourceQuality "1"]

1. e3 d5 2. c4 Nf6 3. Nc3 c6 4. cxd5 cxd5 5. d4 Nc6 6. Nf3 e6 7. a3 Bd6 8. Be2 0-0 9. 0-0 Bd7 10. Qd3 Ne7 11. Ne5 Be8 12. Bf3 a6 13. Re1 Ng6 14. Nxg6 hxg6 15. e4 dxe4 16. Nxe4 Nxe4 17. Bxe4 Rb8 18. Bd2 Qb6 19. Rad1 Bc6 20. Bc3 Rbd8 21. Qd2 Bxe4 22. Rxe4 Qc6 23. Rde1 Rd7 24. Qe3 Qd5 25. Qh3 Qf5 26. Rh4 Qxh3 27. Rxh3 Be7 28. Re4 Bf6 29. Kf1 Rfd8 30. Ba5 Rxd4 31. Bxd8 Rxe4 32. Bxf6 gxf6 33. Rb3 b5 34. f3 Rc4 35. g3 Kf8 36. h3 Ke7 37. Ke1 e5 38. Kd2 Ke6 39. Rd3 f5 40. b3 Rc6 41. Rc3 Rxc3 42. Kxc3 Kd5 43. Kb4 e4 44. fxe4+ fxe4 0-1